000
00250nam a22000857a 4500
008
160824b xxu||||| |||| 00| 0 eng d
100
_9
226
_a
Canfield J
245
_a
Chicken Soup for the soul-Indian teachers
260
_a
New Delhi
_b
Westland publication
_c
2010
999
_c
2883
_d
2883